|
|
|
|
| LEADER |
01358nam a2200253 a 4500 |
| 001 |
GR-MES16565 |
| 008 |
140707s2000 gr g 000 0 gre d |
| 020 |
|
|
|a 9603934100
|
| 040 |
|
|
|a GrPaTEI
|b gre
|c GR-PaULI
|
| 040 |
|
|
|a GrPaTEI
|b gre
|c GR-PaULI
|
| 082 |
|
0 |
|a 302
|2 22
|
| 100 |
1 |
|
|a Παπαστάμου, Στάμος
|
| 245 |
1 |
2 |
|a Η κοινωνική ψυχολογία στο κατώφλι του 21ου αιώνα :
|b η ελληνική πραγματικότητα ; επιμέλεια:Στάμος Παπαστάμου.
|
| 260 |
|
|
|a Αθήνα :
|b Ελληνικά γράμματα,
|c 2000
|
| 300 |
|
|
|a 220 σ.
|
| 490 |
0 |
|
|a Θέματα κοινωνικής ψυχολογίας ;
|v 3
|
| 504 |
|
|
|a βιβλιογραφία:σ.203-220
|
| 650 |
|
4 |
|a Κοινωνική ψυχολογία
|x Έρευνα
|
| 710 |
0 |
|
|a Ελληνικά Γράμματα
|
| 942 |
|
|
|2 ddc
|
| 952 |
|
|
|0 0
|1 0
|2 ddc
|4 0
|6 302_000000000000000_ΚΟΙ
|7 0
|9 274565
|a MSLG
|b MSLG
|c BSC
|d 2021-01-17
|e 24
|f 0
|g 0.00
|l 0
|o 302 ΚΟΙ
|p 2420000023915
|r 2021-01-17 00:00:00
|t 1
|w 2021-01-17
|y BK15
|x 20140707 0 Κ.Γ. 1
|x GrPaTEI
|
| 952 |
|
|
|0 0
|1 0
|2 ddc
|4 0
|6 302_000000000000000_ΚΟΙ
|7 0
|9 274566
|a MSLG
|b MSLG
|c BSC
|d 2021-01-17
|e 24
|f 0
|g 0.00
|l 0
|o 302 ΚΟΙ
|p 2420000023916
|r 2021-01-17 00:00:00
|t 1
|w 2021-01-17
|y BK15
|x 20140707 0 Κ.Γ. 1
|x GrPaTEI
|
| 971 |
|
|
|a .b25826141
|b 01-10-20
|c 13-09-16
|
| 999 |
|
|
|c 158901
|d 158901
|